000 00625nam a2200253Ia 4500
008 210210b2006 xxu||||| |||| 00| 0 eng d
020 _a9780195177008
041 _aeng
082 _a361.1 HEIS
100 _aHEINER (Robert)
245 _aSocial problems: an introduction to critical constructionism Ed 2
250 _a
260 _aNew York
_bOxford University Press
_c2006
300 _aix,228
650 _ato
650 _aSocial
650 _aproblems:
650 _aintroduction
650 _acritical
650 _aconstructionism
650 _aan
690 _aSocial Problems
906 _a068477
999 _c152602
_d152602